Processo de tomada de decisao instantánea e o papel da intioçao (Registro nro. 17840)

Detalles MARC
000 -LEADER
fixed length control field 00534 a2200157 4500
001 - CONTROL NUMBER
control field ART_46031
005 - DATE AND TIME OF LATEST TRANSACTION
control field 20260410161731.0
008 - FIXED-LENGTH DATA ELEMENTS--GENERAL INFORMATION
fixed length control field 260409a
100 1# - MAIN ENTRY--PERSONAL NAME
Personal name Freitas, Henrique M. R. de
245 10 - TITLE STATEMENT
Title Processo de tomada de decisao instantánea e o papel da intioçao
700 1# - ADDED ENTRY--PERSONAL NAME
Personal name Kuhn Andriotti, Fernando
700 1# - ADDED ENTRY--PERSONAL NAME
Personal name Martens, Cristina Dai Prá
700 1# - ADDED ENTRY--PERSONAL NAME
Personal name Behr, Ariel
700 1# - ADDED ENTRY--PERSONAL NAME
Personal name Janissek-Muñiz, Raquel
773 0# - HOST ITEM ENTRY
Title Escritos contables y de administración
Related parts - Vol. 4, Nº1 (ene./jun. 2013)
Record control number REV2758

No hay ítems disponibles.